000 00399 a2200157 4500
003 Nust
005 20230321131250.0
040 _cNust
082 _a320.95491,GUL
100 _aBkhshalvi, Gul
_9110876
245 _a Tehreek-e-Muzahmit:
_bBenazir Qayadatt /
_cBukhshalvi Gull
260 _aLahore
_bLhr Art Press
300 _a80p.
650 _aBenazir
_9110877
942 _2ddc
_cBK
_k320.95491,GUL
999 _c187898
_d187898